LIBRARY & INFORMATION CENTRE, KCAET, TAVANUR

ONLINE PUBLIC ACCESS CATALOGUE (OPAC)

Normal view MARC view
  • Planning of farm research

Entry Topical Term

Number of records used in: 1

001 - CONTROL NUMBER

  • control field: 5883

003 - CONTROL NUMBER IDENTIFIER

  • control field: OSt

005 - DATE AND TIME OF LATEST TRANSACTION

  • control field: 20240213145925.0

008 - FIXED-LENGTH DATA ELEMENTS

  • fixed length control field: 240213|| aca||aabn | a|a d

040 ## - CATALOGING SOURCE

  • Original cataloging agency: OSt
  • Transcribing agency: OSt

150 ## - HEADING--TOPICAL TERM

  • Topical term or geographic name as entry element: Planning of farm research

670 ## - SOURCE DATA FOUND

  • Source citation: Work cat.: (OSt)12: Shaner, W W . 5880, Farming system research and development / , 1982.
free website counter